000 00678nam a22002057a 4500
005 20251108164700.0
008 250721s1972 xx 000 0 ara d
082 1 4 _a811.909562/إيل
100 1 _aالحاوي، إيليا
245 1 0 _aالأخطل الصغير شاعر الجمال و الزوال /
264 1 _aبيروت :
_bدار الكتاب اللبناني،
_c1972.
300 _a157ص
490 0 _aالشعر العربي المعاصر : دراسة و تقييم ؛ 1
650 1 7 _aالشعر العربي
650 1 7 _aالتاريخ الأدبي
650 1 7 _aالنقد الأدبي
650 1 7 _aلبنان
942 _2ddc
_cBK
999 _c11743
_d11743